5HLuxD.jpg

KING HENRY VIII SENIOR AND PRIMARY SCHOOL LIBRARY OPAC

Cambridge international AS and A level chemistry workbook / (Record no. 1217)

000 -LEADER
fixed length control field 00970nam a22003251i 4500
001 - CONTROL NUMBER
control field 017765136
003 - CONTROL NUMBER IDENTIFIER
control field Uk
005 - DATE AND TIME OF LATEST TRANSACTION
control field 20221130105042.0
008 - FIXED-LENGTH DATA ELEMENTS--GENERAL INFORMATION
fixed length control field 160229s2016 enk 000|0|eng|d
015 ## - NATIONAL BIBLIOGRAPHY NUMBER
National bibliography number GBB633465
Source bnb
016 7# - NATIONAL BIBLIOGRAPHIC AGENCY CONTROL NUMBER
Record control number 017765136
Source Uk
020 ## - INTERNATIONAL STANDARD BOOK NUMBER
International Standard Book Number 9781316600627 (pbk.) :
040 ## - CATALOGING SOURCE
Original cataloging agency StDuBDS
Language of cataloging eng
Transcribing agency StDuBDS
Modifying agency Uk
-- KH8
Description conventions rda
042 ## - AUTHENTICATION CODE
Authentication code ukblsr
082 04 - DEWEY DECIMAL CLASSIFICATION NUMBER
Classification number 540.76 NOR
Edition number 23
100 1# - MAIN ENTRY--PERSONAL NAME
Personal name Norris, Roger,
Dates associated with a name 1947-
Relator term author.
245 10 - TITLE STATEMENT
Title Cambridge international AS and A level chemistry workbook /
Statement of responsibility, etc. Roger Norris.
264 #1 - PRODUCTION, PUBLICATION, DISTRIBUTION, MANUFACTURE, AND COPYRIGHT NOTICE
Place of production, publication, distribution, manufacture Cambridge :
Name of producer, publisher, distributor, manufacturer Cambridge University Press,
Date of production, publication, distribution, manufacture, or copyright notice 2016.
300 ## - PHYSICAL DESCRIPTION
Extent v, 243 pages ;
Other physical details b&w ill. ;
Dimensions 28 cm +
336 ## - CONTENT TYPE
Content type term text
Source rdacontent
337 ## - MEDIA TYPE
Media type term unmediated
Source rdamedia
337 ## - MEDIA TYPE
Media type term computer
Source rdamedia
338 ## - CARRIER TYPE
Carrier type term volume
Source rdacarrier
338 ## - CARRIER TYPE
Carrier type term computer disc
Source rdacarrier
500 ## - GENERAL NOTE
General note Formerly CIP.
Institution to which field applies Uk
521 2# - TARGET AUDIENCE NOTE
Target audience note AS.
521 2# - TARGET AUDIENCE NOTE
Target audience note A-level.
650 #0 - SUBJECT ADDED ENTRY--TOPICAL TERM
Topical term or geographic name entry element Chemistry
Form subdivision Problems, exercises, etc.
942 ## - ADDED ENTRY ELEMENTS (KOHA)
Source of classification or shelving scheme
Koha item type Teaching Resources
Holdings
Withdrawn status Lost status Source of classification or shelving scheme Damaged status Not for loan Collection code Permanent Location Current Location Shelving location Date acquired Full call number Barcode Date last seen Price effective from Koha item type Copy number
          Teaching Resources KH8 Senior School Library KH8 Senior School Library Staff Office 2022-11-30 540.76 NOR TRKHSL000047 2022-11-30 2022-11-30 Teaching Resources  
          Teaching Resources KH8 Senior School Library KH8 Senior School Library Staff Office 2023-07-27 540.76 NOR TRKHSL001287 2023-07-27 2023-07-27 Teaching Resources  
          Teaching Resources KH8 Senior School Library KH8 Senior School Library Staff Office 2023-07-27 540.76 NOR TRKHSL001288 2023-07-27 2023-07-27 Teaching Resources  
          Teaching Resources KH8 Senior School Library KH8 Senior School Library Staff Office 2023-07-27 540.76 NOR TRKHSL001289 2023-07-27 2023-07-27 Teaching Resources  
          Teaching Resources KH8 Senior School Library KH8 Senior School Library Staff Office 2023-07-27 540.76 NOR TRKHSL001290 2023-07-27 2023-07-27 Teaching Resources  
          Teaching Resources KH8 Senior School Library KH8 Senior School Library Staff Office 2023-07-27 540.76 NOR TRKHSL001291 2023-07-27 2023-07-27 Teaching Resources  
          Teaching Resources KH8 Senior School Library KH8 Senior School Library Staff Office 2023-07-27 540.76 NOR TRKHSL001287CD 2023-07-27 2023-07-27 Teaching Resources CD-ROM
          Teaching Resources KH8 Senior School Library KH8 Senior School Library Staff Office 2023-07-27 540.76 NOR TRKHSL001288CD 2023-07-27 2023-07-27 Teaching Resources CD-ROM
          Teaching Resources KH8 Senior School Library KH8 Senior School Library Staff Office 2023-07-27 540.76 NOR TRKHSL001289CD 2023-07-27 2023-07-27 Teaching Resources CD-ROM
          Teaching Resources KH8 Senior School Library KH8 Senior School Library Staff Office 2023-07-27 540.76 NOR TRKHSL001290CD 2023-07-27 2023-07-27 Teaching Resources CD-ROM
          Teaching Resources KH8 Senior School Library KH8 Senior School Library Staff Office 2023-07-27 540.76 NOR TRKHSL001291CD 2023-07-27 2023-07-27 Teaching Resources CD-ROM

Powered By KH8 IT Dept